Statistics for Countries Who Have Never Played in a Major Football Tournament

Click here to take the quiz!

General Stats

  • This quiz has been taken 44 times
  • The average score is 25 of 54

Answer Stats

ConfederationCountry/Territory% Correct
UEFALiechtenstein
91%
UEFALuxembourg
91%
UEFASan Marino
88%
UEFAAndorra
81%
UEFAMalta
81%
UEFAEstonia
78%
UEFALithuania
78%
UEFAMontenegro
78%
UEFABelarus
72%
UEFACyprus
66%
UEFAMoldova
66%
AFCBhutan
63%
UEFAGibraltar
63%
CONCACAFBarbados
59%
UEFAFaroe Islands
59%
CONCACAFSaint Lucia
59%
CONCACAFAntigua and Barbuda
53%
UEFAArmenia
53%
UEFAAzerbaijan
53%
AFCBrunei
53%
AFCNepal
53%
CONCACAFBahamas
47%
AFCEast Timor
47%
CONCACAFDominica
44%
UEFAGeorgia
44%
AFCMongolia
44%
CAFSeychelles
44%
AFCLaos
41%
CAFLesotho
41%
AFCPakistan
41%
AFCSri Lanka
41%
CONCACAFDominican Republic
38%
AFCMaldives
38%
AFCAfghanistan
34%
UEFAKazakhstan
34%
OFCAmerican Samoa
31%
CAFCentral African Republic
31%
CAFChad
31%
CAFEswatini
31%
CONCACAFUS Virgin Islands
31%
CONCACAFAnguilla
25%
CONCACAFBritish Virgin Islands
25%
CAFSão Tomé and Príncipe
25%
CAFSouth Sudan
25%
CONCACAFAruba
22%
AFCGuam
22%
CAFSomalia
22%
CAFDjibouti
19%
CAFEritrea
19%
AFCMacau
19%
CONCACAFMontserrat
19%
CONCACAFCayman Islands
16%
CONCACAFPuerto Rico
16%
CONCACAFTurks and Caicos Islands
9%

Score Distribution

Percentile by Number Answered

Percent of People with Each Score

Your Score History

You have not taken this quiz